| 000 | 00648nam a22001817a 4500 | ||
|---|---|---|---|
| 003 | BUBTL | ||
| 008 | 190429b xxu||||| |||| 00| 0 eng d | ||
| 020 | _a984-18-0239-2 | ||
| 082 | _a891.44 / ALA | ||
| 100 |
_92308 _aকাম্যু, আলবেয়ার |
||
| 245 |
_aদি আউটসাইডার / _cআলবেয়ার কাম্যু |
||
| 260 |
_aঢাকা : _bবিশ্ব সাহিত্য কেন্দ্র, _cc2012 |
||
| 300 |
_a87 p. : _c22 cm. |
||
| 650 | 0 |
_91687 _aবাংলা সাহিত্য |
|
| 856 |
_k0 _l0 _yDownload |
||
| 942 |
_2ddc _cBK |
||
| 999 |
_c6008 _d6008 |
||